| 000 | 00506nam a2200181Ia 4500 | ||
|---|---|---|---|
| 003 | GCL | ||
| 008 | 140319s9999 xx 000 0 eng d | ||
| 040 |
_aGCL / _cGCL |
||
| 082 | 0 | 4 |
_acc _b962.02 _bD E |
| 100 | 1 | _aDEVONSHIRE, RL | |
| 245 | 1 | 0 |
_aL'EGYPT MUSULMANE ET LES FONDATEURS DES SES MONUMENTS / _cDEVONSHIRE, RL |
| 260 |
_a[S.N] : _bLIVRES DE FRANCE ، _c1982 |
||
| 300 | _a158 P | ||
| 650 | 0 | 4 | _aحوادث المرور |
| 650 | 0 | 4 | _aMUSLIM - EGYPT |
| 650 | 0 | 4 | _aEGYPT - HISTORY |
| 942 |
_2ddc _cBK |
||
| 999 |
_c19100 _d19100 |
||